000 00562npc a2200205Ia 4500
001 dp5/9-2023 [d000002128]
003 IT-MiCISF
008 161014s9999||||xx | und||
040 _aIT-MiCISF
_cIT-MiCISF
041 _ait
100 _aMartini Carlo Maria
245 0 _aUna famiglia così
250 _a1a ed.
260 _a Milano
_bCentro ambrosiano
_c1994
300 _app. 32
500 _a / pastorale-familiare, modello-famiglia, spiritualità-familiare /
650 _apastorale-familiare
942 _cDD
957 _71
999 _a2023
_bsi
_g1
_c206407
_d206407